[Event "15. Bayer Open"]
[Site "Leverkusen"]
[Date "2017.02.06"]
[Round "3.36"]
[White "Witte, Volker"]
[Black "Pfister, Jürgen"]
[Result "1/2-1/2"]
[WhiteElo "1750"]
[BlackElo "1442"]
[PlyCount "141"]
[EventDate "2017.??.??"]
[WhiteTeam "SF Schlebusch"]
[BlackTeam "SF Düsseldorf-Süd"]

1. d4 d5 2. c4 e6 3. Nc3 Nf6 4. cxd5 exd5 5. Bg5 Be7 6. e3 Bf5 7. Qb3 Nbd7 8.
Be2 Nb6 9. Nf3 c6 10. O-O O-O 11. Rac1 Ne4 12. Bxe7 Qxe7 13. Na4 Bg4 14. Rfd1
Nc4 15. Bxc4 Bxf3 16. gxf3 Qg5+ 17. Kf1 dxc4 18. Qxc4 Nd6 19. Qc5 Qf6 20. Ke2
Rfe8 21. Rd3 Nf5 22. Rg1 b6 23. Qc3 Rad8 24. d5 Qxc3 25. Nxc3 c5 26. b3 Nd4+
27. Kf1 Nxf3 28. Rg3 Ne5 29. Rd2 f5 30. Nb5 Re7 31. Na3 Red7 32. f4 Ng6 33. Nb5
a6 34. Nc3 Ne7 35. e4 fxe4 36. Nxe4 Nxd5 37. Rgd3 Kf7 38. Ng5+ Kg6 39. Kf2 Nf6
40. Rxd7 Rxd7 41. Rxd7 Nxd7 42. Ke3 h6 43. Ne4 Nf6 44. Nd6 Ng4+ 45. Ke4 Nxh2
46. Nc4 b5 47. Ne5+ Kh7 48. Kd5 c4 49. bxc4 bxc4 50. Nxc4 h5 51. Ne3 Ng4 52.
Ng2 Kg6 53. Nh4+ Kf6 54. Kc6 g5 55. fxg5+ Kxg5 56. Ng2 Nf2 57. Kb6 Kg4 58. Ne3+
Kf3 59. Nf5 Kf4 60. Nh4 Kg5 61. Nf3+ Kg4 62. Ne5+ Kg3 63. Ng6 Nd3 64. Kxa6 Nb4+
65. Kb5 Nxa2 66. Kc5 Nc1 67. Kd4 Ne2+ 68. Ke3 Ng1 69. Ke4 Nf3 70. Kf5 Nh4+ 71.
Kg5 1/2-1/2

[Event "15. Bayer Open"]
[Site "Leverkusen"]
[Date "2017.02.06"]
[Round "3.37"]
[White "Reif, Frank"]
[Black "Balduan, Karl-Heinz"]
[Result "1-0"]
[WhiteElo "1758"]
[BlackElo "1511"]
[PlyCount "33"]
[EventDate "2017.??.??"]
[WhiteTeam "TV Witzhelden"]
[BlackTeam "Königsspringer Leverkusen"]

1. e4 e5 2. Nf3 d6 3. d4 exd4 4. Nxd4 Be7 5. Nc3 c6 6. Be2 Nd7 7. Nf5 g6 8.
Nxd6+ Bxd6 9. Qxd6 h6 10. Be3 Qe7 11. Qd2 Ne5 12. O-O-O Be6 13. Bd4 O-O-O 14.
Qf4 f6 15. Bxe5 fxe5 16. Rxd8+ Qxd8 17. Qxe5 1-0

[Event "15. Bayer Open"]
[Site "Leverkusen"]
[Date "2017.02.06"]
[Round "3.38"]
[White "Sinner, Joselyne"]
[Black "Hoffmann, Frank"]
[Result "0-1"]
[WhiteElo "1050"]
[BlackElo "1806"]
[PlyCount "138"]
[EventDate "2017.??.??"]
[WhiteTeam "SG Porz"]
[BlackTeam "SV Springer Hitdorf"]

1. e4 e6 2. d4 b6 3. Nc3 Bb7 4. Bd3 c5 5. d5 exd5 6. exd5 Nf6 7. Bc4 d6 8. Bg5
Be7 9. Qe2 O-O 10. Nf3 Re8 11. O-O Nbd7 12. Bf4 a6 13. a3 b5 14. Ba2 Nb6 15.
Rad1 Qd7 16. Rd2 c4 17. Rfd1 Bd8 18. Qf1 Bc7 19. b3 cxb3 20. Bxb3 Rac8 21. Rd3
Ne4 22. Qe1 Nc5 23. Re3 Rxe3 24. Qxe3 Re8 25. Qc1 Bd8 26. Be3 Nc8 27. Bxc5 dxc5
28. Re1 c4 29. Ba2 Rxe1+ 30. Qxe1 Qe7 31. Qd2 Ba5 32. Bb1 Kf8 33. Qd4 f6 34.
Ne4 Bb6 35. Qc3 Qxe4 36. Qb4+ Qe7 37. Qxe7+ Kxe7 38. c3 g6 39. Kf1 Bxd5 40. Ke2
Nd6 41. g3 Ba5 42. Nd4 Bxc3 43. Nc2 Be4 44. Ne3 Ke6 45. Bxe4 Nxe4 46. f3 Nc5
47. Kd1 a5 48. Kc2 Bd4 49. Nd1 b4 50. axb4 axb4 51. Kb1 Kd5 52. h4 b3 53. Kc1
Nd3+ 54. Kb1 c3 55. Nxc3+ Bxc3 56. h5 Nb2 57. hxg6 hxg6 58. g4 Nc4 59. f4 Na3+
60. Kc1 b2+ 61. Kd1 b1=Q+ 62. Ke2 Qe4+ 63. Kf2 Qxf4+ 64. Kg2 Nc2 65. Kh3 g5 66.
Kg2 Ne1+ 67. Kg1 Bd4+ 68. Kh1 Qf3+ 69. Kh2 Qg2# 0-1

[Event "15. Bayer Open"]
[Site "Leverkusen"]
[Date "2017.02.06"]
[Round "3.40"]
[White "Longerich, Hans-Peter"]
[Black "Gülden, Ralf"]
[Result "1/2-1/2"]
[WhiteElo "1402"]
[BlackElo "1535"]
[PlyCount "55"]
[EventDate "2017.??.??"]
[WhiteTeam "SC Bayer Leverkusen"]
[BlackTeam "Königsspringer Leverkusen"]

1. e4 c5 2. c3 d6 3. d4 cxd4 4. cxd4 g6 5. Nf3 Bg7 6. Bc4 Nf6 7. Nc3 O-O 8. h3
a6 9. a4 Nbd7 10. O-O e6 11. Bg5 Qc7 12. Bd3 Re8 13. Bf4 e5 14. dxe5 dxe5 15.
Be3 Nc5 16. Bxc5 Qxc5 17. Rc1 Bh6 18. Nd2 Bxd2 19. Qxd2 Qd4 20. Qe2 Be6 21.
Rfd1 Qb6 22. Bb1 Rad8 23. Rxd8 Rxd8 24. Ba2 Bxa2 25. Nxa2 Nh5 26. Nc3 Nf4 27.
Qc2 Rd4 28. Ne2 1/2-1/2

[Event "15. Bayer Open"]
[Site "Leverkusen"]
[Date "2017.02.06"]
[Round "3.41"]
[White "Kolleck, Wolf-Dietrich"]
[Black "Elsweiler, Karl-Heinz"]
[Result "0-1"]
[WhiteElo "1492"]
[BlackElo "1574"]
[PlyCount "84"]
[EventDate "2017.??.??"]
[WhiteTeam "SC Bayer Leverkusen"]
[BlackTeam "SV Opladen"]

1. d4 Nf6 2. c4 e6 3. Nc3 Bb4 4. a3 Bxc3+ 5. bxc3 b6 6. f3 Bb7 7. e4 d6 8. Nh3
h6 9. Bd3 Nbd7 10. Be3 c5 11. a4 Rc8 12. O-O O-O 13. Ra2 Ba6 14. Qe2 Qc7 15.
Rc1 Rfd8 16. f4 Qb7 17. Nf2 e5 18. d5 Re8 19. f5 Nf8 20. Ng4 N8h7 21. Rf1 Qe7
22. Qf3 Ng5 23. Nxf6+ Qxf6 24. Qg3 Nxe4 25. Qg4 Ng5 26. h4 Nh7 27. Qh3 e4 28.
Be2 Qxc3 29. Rc1 Qf6 30. g4 g5 31. fxg6 Qxg6 32. Rf1 f6 33. Rf2 Rc7 34. Ra1 Rg7
35. Raf1 Bc8 36. Rg2 Ree7 37. h5 Ng5 38. Qh4 Qe8 39. Rxf6 Nf3+ 40. Bxf3 exf3
41. Rf2 Rxe3 42. Rxh6 Rxg4+ 0-1

[Event "15. Bayer Open"]
[Site "Leverkusen"]
[Date "2017.02.06"]
[Round "3.42"]
[White "Baumgarten, Fred"]
[Black "Liebsch, Ulrich"]
[Result "1-0"]
[WhiteElo "1589"]
[BlackElo "1687"]
[PlyCount "89"]
[EventDate "2017.??.??"]
[WhiteTeam "SV Hennef"]
[BlackTeam "SC Bayer Leverkusen"]

1. d4 f5 2. e4 fxe4 3. Nc3 Nf6 4. Bg5 d5 5. Bxf6 exf6 6. Qh5+ g6 7. Qxd5 Bd6 8.
Qxe4+ Kf7 9. Bc4+ Kg7 10. O-O-O Re8 11. Qf3 Nc6 12. Nge2 Na5 13. Bd3 c6 14. h4
h5 15. Nf4 Bg4 16. Qg3 Bxf4+ 17. Qxf4 Bxd1 18. Nxd1 Qd5 19. Nc3 Qf7 20. g4 hxg4
21. Qxg4 Rh8 22. h5 g5 23. Bg6 Qe7 24. Bd3 b5 25. h6+ Kf8 26. Be4 b4 27. Na4
Qd6 28. Nc5 Qf4+ 29. Qxf4 gxf4 30. Ne6+ Ke7 31. Nxf4 Kf7 32. Rh5 Rad8 33. Rxa5
Rxh6 34. Rxa7+ Kg8 35. Ne6 Re8 36. Bf5 Rh2 37. f4 Rh5 38. Bg6 Rh1+ 39. Kd2 Rxe6
40. Bf7+ Kg7 41. Bxe6+ Kg6 42. f5+ Kg5 43. Kd3 Kf4 44. Kc4 Rh2 45. c3 1-0

[Event "15. Bayer Open"]
[Site "Leverkusen"]
[Date "2017.02.06"]
[Round "3.43"]
[White "Hegmann, Werner"]
[Black "Roder, Stephan"]
[Result "0-1"]
[WhiteElo "1483"]
[BlackElo "1389"]
[PlyCount "82"]
[EventDate "2017.??.??"]
[WhiteTeam "SV Opladen"]
[BlackTeam "Bergische SF"]

1. e4 e6 2. d4 b6 3. c3 Bb7 4. Bd3 Be7 5. Be3 Nf6 6. Nd2 d6 7. h3 Qc8 8. Ne2 e5
9. d5 Ba6 10. c4 Nbd7 11. b4 Qd8 12. b5 Bc8 13. Nb3 h5 14. Nc3 h4 15. Be2 Nh7
16. g4 hxg3 17. fxg3 Bg5 18. Qd2 Bxe3 19. Qxe3 Qg5 20. Qxg5 Nxg5 21. h4 Nf6 22.
Nd2 Bg4 23. Kf2 Ngh7 24. Bxg4 Nxg4+ 25. Kf3 Nhf6 26. a4 Nh6 27. Ncb1 Nd7 28.
Nb3 f5 29. Na3 O-O 30. Rhf1 Ng4 31. Ke2 fxe4 32. Nd2 Ndf6 33. Rf5 e3 34. Nf1
Ne4 35. Rxf8+ Rxf8 36. Nxe3 Rf2+ 37. Kd3 Nc5+ 38. Kc3 Nxe3 39. Re1 Rf3 40. Kd2
Nf5 41. Nc2 Rxg3 0-1

[Event "15. Bayer Open"]
[Site "Leverkusen"]
[Date "2017.02.06"]
[Round "3.44"]
[White "Wotzka, Anton"]
[Black "Skiber, Friedel"]
[Result "0-1"]
[WhiteElo "1513"]
[BlackElo "1557"]
[PlyCount "54"]
[EventDate "2017.??.??"]
[WhiteTeam "SF Schlebusch"]
[BlackTeam "SG Solingen"]

1. e4 d6 2. d4 Nf6 3. Nc3 g6 4. h3 Bg7 5. Nf3 O-O 6. Be2 Nbd7 7. O-O e5 8. dxe5
dxe5 9. Re1 Nh5 10. Nh2 Nf4 11. Bxf4 exf4 12. Qd2 g5 13. Bf3 c6 14. Rad1 Qe7
15. Qd6 Qe8 16. Ng4 f6 17. Na4 h5 18. Nh2 Qg6 19. Qe6+ Rf7 20. Qe8+ Bf8 21.
Rxd7 Bxd7 22. Qxa8 g4 23. hxg4 hxg4 24. Nxg4 Bxg4 25. Bxg4 Qxg4 26. f3 Qh4 27.
Rd1 Rh7 0-1

[Event "15. Bayer Open"]
[Site "Leverkusen"]
[Date "2017.02.06"]
[Round "3.45"]
[White "Milz, Ulrich"]
[Black "Bursch, Alexander"]
[Result "0-1"]
[WhiteElo "1458"]
[BlackElo "1506"]
[PlyCount "46"]
[EventDate "2017.??.??"]
[WhiteTeam "SC Bayer Leverkusen"]
[BlackTeam "SV Hennef"]

1. e4 c5 2. Bc4 Nc6 3. a3 Nf6 4. Nc3 g6 5. d3 Bg7 6. h3 d6 7. Nf3 O-O 8. O-O
Be6 9. Bxe6 fxe6 10. Bg5 Qc7 11. Qd2 Rad8 12. Bh6 d5 13. Bxg7 Kxg7 14. Ng5 Qd7
15. Qe2 Nd4 16. Qd1 h6 17. Nf3 Nxf3+ 18. gxf3 d4 19. Ne2 e5 20. Kh2 Nh5 21. Rg1
Rxf3 22. Rg3 Nxg3 23. Kg2 Rdf8 0-1

[Event "15. Bayer Open"]
[Site "Leverkusen"]
[Date "2017.02.06"]
[Round "3.47"]
[White "Pyrowicz, Jacek"]
[Black "Foitzik, Peter"]
[Result "1-0"]
[WhiteElo "1726"]
[BlackElo "1428"]
[PlyCount "63"]
[EventDate "2017.??.??"]
[WhiteTeam "SV Wermelskirchen"]
[BlackTeam "vereinslos"]

1. Nf3 Nf6 2. d4 e6 3. c4 c5 4. d5 exd5 5. cxd5 d6 6. Nc3 g6 7. e4 Bg7 8. Be2
O-O 9. O-O Re8 10. Nd2 a6 11. a4 Qc7 12. Re1 Nbd7 13. h3 g5 14. Nc4 g4 15. Bxg4
Nxg4 16. hxg4 Ne5 17. Ne3 c4 18. Nf5 Bxf5 19. gxf5 Nd3 20. Re3 Qb6 21. Qc2 Kh8
22. Rf3 Ne1 23. Qe2 Nxf3+ 24. Qxf3 Rg8 25. f6 Bf8 26. Bf4 Rg6 27. e5 dxe5 28.
Bxe5 Bc5 29. Ne4 Rxg2+ 30. Kxg2 Rg8+ 31. Ng3 Qxb2 32. Bxb2 1-0

[Event "15. Bayer Open"]
[Site "Leverkusen"]
[Date "2017.02.06"]
[Round "3.48"]
[White "Barche, Uwe"]
[Black "Paul, André David"]
[Result "0-1"]
[WhiteElo "1305"]
[BlackElo "1544"]
[PlyCount "68"]
[EventDate "2017.??.??"]
[WhiteTeam "SG Solingen"]
[BlackTeam "Kölner SK Dr. Lasker"]

1. c4 e6 2. g3 c6 3. Bg2 Nf6 4. Nf3 d5 5. Qc2 Be7 6. O-O O-O 7. d3 Nbd7 8. Nbd2
b6 9. a3 a5 10. b3 Bb7 11. Bb2 Rc8 12. Bc3 c5 13. cxd5 exd5 14. e3 Bd6 15. d4
Re8 16. Qb2 Rb8 17. Rfe1 Ne4 18. Nxe4 dxe4 19. Nd2 Qg5 20. b4 Bd5 21. Reb1 axb4
22. axb4 c4 23. b5 h5 24. h4 Qg4 25. Kh2 Nf6 26. Ra6 Qf5 27. Kg1 Ng4 28. Nf1
Re6 29. Nh2 Rf6 30. Rf1 g5 31. Nxg4 Qxg4 32. Kh2 gxh4 33. Bh3 hxg3+ 34. fxg3
Qxg3+ 0-1

[Event "15. Bayer Open"]
[Site "Leverkusen"]
[Date "2017.02.06"]
[Round "3.49"]
[White "Riesen, Ingo"]
[Black "Dörper, Georg"]
[Result "1/2-1/2"]
[WhiteElo "1410"]
[BlackElo "1344"]
[PlyCount "49"]
[EventDate "2017.??.??"]
[WhiteTeam "Klub Kölner SF"]
[BlackTeam "SF Düsseldorf-Süd"]

1. d4 d5 2. Nf3 Nf6 3. e3 Bf5 4. c4 c6 5. Be2 e6 6. O-O Bd6 7. b3 O-O 8. Ba3
Ne4 9. Bxd6 Qxd6 10. Nh4 Bg6 11. Nxg6 fxg6 12. f3 Nf6 13. Nd2 Nbd7 14. e4 dxe4
15. Nxe4 Nxe4 16. fxe4 Rxf1+ 17. Bxf1 Qf4 18. Qd3 Nf6 19. Re1 Rf8 20. d5 exd5
21. exd5 Ng4 22. Qg3 Qd4+ 23. Kh1 Nf2+ 24. Kg1 Ng4+ 25. Kh1 1/2-1/2

[Event "15. Bayer Open"]
[Site "Leverkusen"]
[Date "2017.02.06"]
[Round "3.52"]
[White "Esser, Heinz"]
[Black "Teuber, Alfons"]
[Result "1-0"]
[WhiteElo "1355"]
[BlackElo "1031"]
[PlyCount "70"]
[EventDate "2017.??.??"]
[WhiteTeam "SV Dormagen"]
[BlackTeam "BSW Opladen"]

1. c4 e6 2. g3 Nf6 3. Bg2 d5 4. cxd5 Nxd5 5. e4 Nb4 6. d4 N4c6 7. Ne2 Be7 8. a3
Na6 9. O-O O-O 10. Nbc3 f6 11. b4 Nab8 12. Bb2 a6 13. h3 Nd7 14. d5 exd5 15.
Nxd5 Nce5 16. Qb3 Kh8 17. Rad1 Bd6 18. f4 Ng6 19. Kh2 c6 20. Ne3 Qe7 21. Nf5
Qf7 22. Qxf7 Rxf7 23. Nxd6 Rf8 24. Nxc8 Rd8 25. Nd6 Kg8 26. Nxb7 Ngf8 27. Nxd8
Rxd8 28. e5 c5 29. bxc5 Rb8 30. Bd4 Kh8 31. Rb1 Rb5 32. Rxb5 axb5 33. Rb1 Ne6
34. Rxb5 Nxd4 35. Nxd4 fxe5 1-0

[Event "15. Bayer Open"]
[Site "Leverkusen"]
[Date "2017.02.06"]
[Round "3.55"]
[White "Brink, Manfred"]
[Black "Müller, Horst"]
[Result "0-1"]
[WhiteElo "934"]
[BlackElo "1497"]
[PlyCount "58"]
[EventDate "2017.??.??"]
[WhiteTeam "SK Köln-Worringen"]
[BlackTeam "SV Springer Hitdorf"]

1. c4 c5 2. Nc3 Nf6 3. Nf3 e6 4. g3 d5 5. cxd5 exd5 6. Bg2 d4 7. Na4 Bd6 8. O-O
O-O 9. d3 Nc6 10. Bf4 b5 11. Bxd6 Qxd6 12. Nxc5 Qxc5 13. Rc1 Qd6 14. Nd2 Bd7
15. Ne4 Nxe4 16. Bxe4 Rac8 17. a3 Bh3 18. Re1 a6 19. Qb3 Be6 20. Rxc6 Rxc6 21.
Qb4 Qxb4 22. axb4 Rc2 23. Ra1 Bc8 24. e3 dxe3 25. fxe3 Re8 26. Re1 f5 27. Bd5+
Be6 28. e4 Bxd5 29. exd5 Rxe1# 0-1

[Event "15. Bayer Open"]
[Site "Leverkusen"]
[Date "2017.02.13"]
[Round "4.1"]
[White "Marcziter, Dmitrii"]
[Black "Rotstein, Jefim"]
[Result "1-0"]
[WhiteElo "2254"]
[BlackElo "2241"]
[PlyCount "69"]
[EventDate "2017.??.??"]
[WhiteTeam "DJK Aufwärts Aachen"]
[BlackTeam "SC Tornado Hochneukirch"]

1. d4 f5 2. g3 Nf6 3. Bg2 e6 4. c4 Bb4+ 5. Bd2 Be7 6. Nc3 O-O 7. Nf3 d6 8. Qb3
a5 9. O-O Qe8 10. Rae1 Ne4 11. Bc1 Bf6 12. e3 a4 13. Qc2 Nxc3 14. bxc3 e5 15.
e4 Qg6 16. Ba3 Re8 17. c5 Ra6 18. cxd6 cxd6 19. Nd2 f4 20. Nc4 Bd8 21. Qb2 h5
22. Kh1 h4 23. gxf4 h3 24. Bf3 Bg4 25. Qe2 Bxf3+ 26. Qxf3 exf4 27. Rg1 Qf6 28.
d5 Qh6 29. e5 dxe5 30. Nxe5 Be7 31. Ng4 Qh4 32. d6 Nc6 33. dxe7 Ra5 34. Qxf4
Rg5 35. Nf6+ 1-0

[Event "15. Bayer Open"]
[Site "Leverkusen"]
[Date "2017.02.13"]
[Round "4.2"]
[White "Stillger, Bernhard"]
[Black "Balduan, Markus"]
[Result "1/2-1/2"]
[WhiteElo "2240"]
[BlackElo "2219"]
[PlyCount "35"]
[EventDate "2017.??.??"]
[WhiteTeam "Oberhausener SV"]
[BlackTeam "TV Witzhelden"]

1. d4 Nf6 2. Nf3 d5 3. c4 e6 4. g3 dxc4 5. Qa4+ Nbd7 6. Bg2 a6 7. Nc3 Rb8 8.
Qxc4 b5 9. Qd3 Bb7 10. O-O c5 11. dxc5 Bxc5 12. Bf4 Rc8 13. Ne5 Bxg2 14. Kxg2
Nxe5 15. Qxd8+ Rxd8 16. Bxe5 Bd4 17. Bxd4 Rxd4 18. Rfd1 1/2-1/2

[Event "15. Bayer Open"]
[Site "Leverkusen"]
[Date "2017.02.13"]
[Round "4.3"]
[White "Khanukov, Boris"]
[Black "Moors, Christoph"]
[Result "1/2-1/2"]
[WhiteElo "2249"]
[BlackElo "1938"]
[PlyCount "132"]
[EventDate "2017.??.??"]
[WhiteTeam "Bahn-SC Wuppertal"]
[BlackTeam "Düsseldorfer SK"]

1. Nf3 d5 2. g3 Nf6 3. Bg2 e6 4. O-O Be7 5. c4 O-O 6. d4 dxc4 7. Qc2 a6 8. Qxc4
b5 9. Qc2 Bb7 10. Nc3 Nbd7 11. Be3 Nb6 12. a3 Nbd5 13. Nxd5 Bxd5 14. Rac1 Rc8
15. b4 a5 16. Qb2 axb4 17. axb4 Qd6 18. Bd2 Nd7 19. Rfd1 Nb6 20. Ne5 Nc4 21.
Nxc4 Bxc4 22. e4 c6 23. Ra1 Ra8 24. Bc3 f6 25. h4 Qc7 26. h5 Qb7 27. h6 Rxa1
28. Rxa1 g6 29. Qa3 Rb8 30. Qa7 Kf7 31. Qxb7 Rxb7 32. Ra6 Rc7 33. Bd2 g5 34. f4
Rd7 35. Bc3 gxf4 36. gxf4 Rc7 37. f5 exf5 38. exf5 Bd5 39. Bh3 Bf8 40. Bd2 Re7
41. Bg4 Re4 42. Bh5+ Kg8 43. Ra3 Rh4 44. Rg3+ Kh8 45. Bf3 Bd6 46. Rg4 Rxg4+ 47.
Bxg4 Kg8 48. Kf2 Kf8 49. Ke3 Ke7 50. Kd3 Kf8 51. Bh5 Bf7 52. Bxf7 Kxf7 53. Ke4
Ke7 54. Be1 Kd7 55. d5 c5 56. Bc3 Ke7 57. bxc5 Bxc5 58. Bb2 Bb4 59. Kd3 Bd6 60.
Ke4 Bb4 61. Bc1 Kd6 62. Bf4+ Ke7 63. Kd4 Bd6 64. Bd2 Ba3 65. Be3 Kd7 66. Bd2
Bd6 1/2-1/2

[Event "15. Bayer Open"]
[Site "Leverkusen"]
[Date "2017.02.13"]
[Round "4.4"]
[White "Kesseler, Heiko"]
[Black "Auer, Martin"]
[Result "0-1"]
[WhiteElo "2099"]
[BlackElo "2167"]
[PlyCount "154"]
[EventDate "2017.??.??"]
[WhiteTeam "Düsseldorfer SK"]
[BlackTeam "Bahn-SC Wuppertal"]

1. e4 e6 2. d4 d5 3. Nc3 Bb4 4. e5 c5 5. a3 Bxc3+ 6. bxc3 Qa5 7. Bd2 Qa4 8. Qg4
Kf8 9. Nf3 Nc6 10. Be2 Nge7 11. Ra2 c4 12. h4 h6 13. h5 Bd7 14. Qf4 Ke8 15. Nh4
Qb5 16. O-O Qa5 17. Rb1 Qc7 18. Rab2 b6 19. Ra2 Rf8 20. Qg3 Rg8 21. a4 Kd8 22.
Bc1 Kc8 23. Ba3 Qd8 24. Qf4 Qe8 25. Bd6 Na5 26. Nf3 Nec6 27. Nd2 Kb7 28. Qf3
Rc8 29. Rab2 Ka8 30. Bb4 Nb7 31. a5 Nbxa5 32. Ra1 Nxb4 33. Rxb4 Bc6 34. Qf4 Bb7
35. Nf3 Nc6 36. Rba4 b5 37. R4a2 a6 38. Qc1 Kb8 39. Qa3 Qf8 40. Qb2 Qe7 41. Nd2
Na7 42. Nf1 Rc6 43. Ne3 Rb6 44. Rb1 Rc8 45. Qc1 Rc7 46. Qd2 Bc8 47. Bf3 Qd8 48.
Qc1 Nc6 49. Qa3 Qe7 50. Qc1 Rd7 51. Nd1 Rd8 52. Nb2 Qb7 53. Na4 Ka7 54. Nxb6
Qxb6 55. Qa3 b4 56. Qb2 Bd7 57. Rba1 Bc8 58. Rb1 Bb7 59. cxb4 Nxd4 60. b5 Nxf3+
61. gxf3 d4 62. Qa1 a5 63. Rxa5+ Kb8 64. Ra6 Qc5 65. Qa5 Rd7 66. Rc6 Qxe5 67.
Qb4 Qg5+ 68. Kf1 d3 69. cxd3 cxd3 70. f4 Qd5 71. Kg1 d2 72. Rd1 Qd3 73. Qb2 Qe2
74. Qb3 Rd4 75. Kg2 Rxf4 76. Qg3 e5 77. Rg1 d1=Q 0-1

[Event "15. Bayer Open"]
[Site "Leverkusen"]
[Date "2017.02.13"]
[Round "4.5"]
[White "Mohaupt, Sascha"]
[Black "Neubauer, Jürgen"]
[Result "1/2-1/2"]
[WhiteElo "2145"]
[BlackElo "1981"]
[PlyCount "92"]
[EventDate "2017.??.??"]
[WhiteTeam "SV Wermelskirchen"]
[BlackTeam "SK Turm Euskirchen"]

1. e4 e5 2. Nf3 Nc6 3. Bb5 a6 4. Bxc6 dxc6 5. O-O Bg4 6. h3 Bxf3 7. Qxf3 Bc5 8.
d3 Qf6 9. Nd2 Qxf3 10. Nxf3 f6 11. Bd2 O-O-O 12. a4 Ne7 13. b4 Bb6 14. Rfb1 g5
15. g3 h5 16. Kg2 Rdg8 17. Bc3 Kd7 18. Rd1 g4 19. hxg4 hxg4 20. Nd2 Ke6 21. Rh1
Nc8 22. Nb3 Nd6 23. Rae1 Nf7 24. Bd2 Kd7 25. Ref1 Ke6 26. Re1 Kd7 27. c4 Bd4
28. Nxd4 exd4 29. Bf4 Rxh1 30. Rxh1 Rh8 31. Rxh8 Nxh8 32. f3 gxf3+ 33. Kxf3 b5
34. axb5 cxb5 35. cxb5 axb5 36. g4 Ng6 37. Bg3 Kc6 38. g5 fxg5 39. Kg4 Nf8 40.
Kxg5 Ne6+ 41. Kf5 Kd7 42. Ke5 c5 43. Be1 c4 44. dxc4 bxc4 45. Kd5 c3 46. Kc4
Kd6 1/2-1/2

[Event "15. Bayer Open"]
[Site "Leverkusen"]
[Date "2017.02.13"]
[Round "4.6"]
[White "Peschel, Andreas"]
[Black "Schülke, Tilman"]
[Result "1-0"]
[WhiteElo "2157"]
[BlackElo "1864"]
[PlyCount "120"]
[EventDate "2017.??.??"]
[WhiteTeam "SG Solingen"]
[BlackTeam "Düsseldorfer SV"]

1. Nf3 g6 2. g3 f5 3. Bg2 Nf6 4. O-O Bg7 5. c4 O-O 6. Nc3 d6 7. d4 Nc6 8. d5
Ne5 9. Qb3 Nxf3+ 10. Bxf3 Nd7 11. Be3 Ne5 12. Bg2 Ng4 13. Bf4 h6 14. c5 a6 15.
cxd6 exd6 16. Rac1 Rf7 17. Rc2 Qf8 18. Rfc1 Bd4 19. Nd1 Bb6 20. h3 g5 21. Bd2
Ne5 22. Be3 Bxe3 23. Nxe3 f4 24. Nc4 fxg3 25. fxg3 Nd7 26. Qd3 a5 27. Qg6+ Rg7
28. Qxh6 Nc5 29. Rf1 Qe7 30. Qf6 b5 31. Qxe7 Rxe7 32. Na3 Rb8 33. g4 Kg7 34.
Bf3 Rb7 35. Kf2 Nd7 36. Rfc1 Ne5 37. Kg3 Kf6 38. Nb1 Nc4 39. b3 Ne5 40. Nd2 Kg7
41. Ne4 Nf7 42. Rc6 Ra7 43. Kf2 b4 44. R6c2 Ba6 45. Ng3 Nh6 46. Rh1 Ra8 47. h4
Rf8 48. Kg2 Bc8 49. Nh5+ Kg6 50. Rc4 gxh4 51. Rxh4 Kg5 52. Kg3 Ba6 53. Rf4 Ref7
54. Rxf7 Rxf7 55. Nf4 Ng8 56. Rh5+ Kf6 57. Rf5+ Ke7 58. Rxf7+ Kxf7 59. g5 Bc8
60. Bh5+ Ke7 1-0

[Event "15. Bayer Open"]
[Site "Leverkusen"]
[Date "2017.02.13"]
[Round "4.7"]
[White "Wicht, Juergen"]
[Black "Wille, Thomas"]
[Result "0-1"]
[WhiteElo "2178"]
[BlackElo "2013"]
[PlyCount "78"]
[EventDate "2017.??.??"]
[WhiteTeam "vereinslos"]
[BlackTeam "Velberter SG"]

1. d4 Nf6 2. c4 e6 3. Nf3 Bb4+ 4. Nbd2 b6 5. a3 Be7 6. g3 Bb7 7. Bg2 O-O 8. O-O
d6 9. Qc2 c5 10. e4 Qc7 11. d5 exd5 12. exd5 Re8 13. b3 Nbd7 14. Bb2 Nf8 15.
Qc3 h6 16. Nh4 Bc8 17. f4 N8h7 18. Rae1 Bd7 19. h3 Bf8 20. Rxe8 Rxe8 21. g4 Qd8
22. Qg3 Qe7 23. g5 hxg5 24. fxg5 Nh5 25. Qf2 Nxg5 26. Ne4 Nxe4 27. Bxe4 Qg5+
28. Bg2 Qe3 29. Qxe3 Rxe3 30. Rf3 Rxf3 31. Bxf3 Nf4 32. Kh2 Nxh3 33. Bc1 Be7
34. Kg3 Bg5 35. Bxg5 Nxg5 36. Bg2 g6 37. Kf4 Nh7 38. Nf3 Kg7 39. Nd2 g5+ 0-1

[Event "15. Bayer Open"]
[Site "Leverkusen"]
[Date "2017.02.13"]
[Round "4.8"]
[White "Glaser, Steffen"]
[Black "Schalow, Daniel"]
[Result "1-0"]
[WhiteElo "2033"]
[BlackElo "2044"]
[PlyCount "113"]
[EventDate "2017.??.??"]
[WhiteTeam "vereinslos"]
[BlackTeam "Langenfelder SF"]

1. e4 d5 2. exd5 Qxd5 3. Nc3 Qa5 4. b4 Qxb4 5. Rb1 Qd6 6. d4 Nf6 7. Nf3 g6 8.
Bd3 Bg7 9. O-O O-O 10. Re1 a6 11. Ne4 Nxe4 12. Bxe4 c6 13. c4 Nd7 14. Rb3 Nf6
15. Bc2 Re8 16. Ba3 Qc7 17. Rbe3 e6 18. c5 Nd5 19. Rb3 Bd7 20. Ne5 Rad8 21. Qf3
Bc8 22. Bb2 Rf8 23. h4 Ne7 24. g4 f6 25. Nc4 f5 26. Ne5 Bxe5 27. Rxe5 fxg4 28.
Qxg4 Nf5 29. Rd3 Rd5 30. Bb3 Rxe5 31. dxe5 Rd8 32. Rd6 Qe7 33. h5 Kf7 34. hxg6+
hxg6 35. Bc1 Rxd6 36. cxd6 Qh4 37. Qxh4 Nxh4 38. f4 Nf5 39. Kf2 Bd7 40. Bb2 c5
41. Bc2 Bc6 42. a4 a5 43. Bc3 b6 44. Ke2 Ke8 45. Kd3 Bd5 46. Bd1 Kd7 47. Be1
Nd4 48. Bf2 Nc6 49. Kc3 g5 50. fxg5 Nxe5 51. Bg3 Nf7 52. g6 Nh6 53. Bf4 Ng8 54.
Bc2 Bf3 55. Be5 Bh5 56. Bf4 e5 57. Bxe5 1-0

[Event "15. Bayer Open"]
[Site "Leverkusen"]
[Date "2017.02.13"]
[Round "4.9"]
[White "Scharff, Klaus"]
[Black "Heller, Achim"]
[Result "1-0"]
[WhiteElo "1880"]
[BlackElo "2055"]
[PlyCount "85"]
[EventDate "2017.??.??"]
[WhiteTeam "SV Opladen"]
[BlackTeam "SG Ennepe-Ruhr-Süd"]

1. Nf3 d5 2. g3 Nf6 3. Bg2 c6 4. d3 Bf5 5. Nh4 Bg4 6. h3 Bh5 7. g4 Bg6 8. f4 e6
9. g5 Nh5 10. Bf3 Ng3 11. Rg1 Nf5 12. Nxf5 Bxf5 13. h4 h6 14. h5 hxg5 15. fxg5
Bc5 16. d4 Be7 17. Bf4 Nd7 18. Nc3 Qb6 19. Bc1 e5 20. e3 O-O-O 21. a4 exd4 22.
a5 Qc7 23. Qxd4 Bc5 24. Qh4 Rde8 25. Qg3 Bd6 26. Qh4 Ne5 27. Be2 Bxc2 28. Bd2
Bd3 29. Rc1 Kb8 30. Nxd5 Qd7 31. Nf4 Bxe2 32. Kxe2 Ng6 33. Nxg6 fxg6 34. h6
gxh6 35. gxh6 Re6 36. Rc4 Qh7 37. Qg4 Qg8 38. Rh1 g5 39. h7 Rxh7 40. Rxh7 Qxh7
41. Qxe6 Qh2+ 42. Kd1 Qh5+ 43. Kc2 1-0

[Event "15. Bayer Open"]
[Site "Leverkusen"]
[Date "2017.02.13"]
[Round "4.10"]
[White "Kaspar, Uwe"]
[Black "ter Steeg, Marcus"]
[Result "0-1"]
[WhiteElo "1835"]
[BlackElo "2074"]
[PlyCount "80"]
[EventDate "2017.??.??"]
[WhiteTeam "Düsseldorfer SK"]
[BlackTeam "SF Essen-Werden"]

1. Nf3 c5 2. g3 Nc6 3. Bg2 g6 4. c4 Bg7 5. Nc3 d6 6. O-O Qd7 7. a3 b6 8. e3 Bb7
9. Qa4 Nf6 10. d4 Na5 11. Nb5 O-O 12. dxc5 a6 13. Nc3 Qxa4 14. Nxa4 Nb3 15. Ra2
bxc5 16. Nd2 Bxg2 17. Kxg2 Rab8 18. Nc3 Nd7 19. Nxb3 Rxb3 20. Nd5 Re8 21. Nc7
Rc8 22. Nd5 Kf8 23. e4 Ne5 24. Ne3 Nd3 25. Bd2 Rcb8 26. Rb1 Rxb2 27. Rbxb2 Rxb2
28. Rxb2 Bxb2 29. a4 Bd4 30. Nd5 Nxf2 31. Bh6+ Ke8 32. Kf3 Nd3 33. Nc7+ Kd7 34.
Nxa6 Ne5+ 35. Ke2 Nxc4 36. Kd3 Nb2+ 37. Kc2 Nxa4 38. Kb3 Nc3 39. Bf4 Kc8 40.
Bd2 Nxe4 0-1